[Event "Montreal int."]
[Site "Montreal CAN"]
[Date "2001.08.05"]
[Round "4"]
[White "Lesiege, Alexandre"]
[Black "Kosyrev, Vladimir"]
[Result "0-1"]
[WhiteElo "2564"]
[BlackElo "2554"]
[WhiteFideId "-1"]
[WhiteFideId "-1"]
[PlyCount "128"]
[GameId "2160767911555343"]
[EventDate "2001.08.02"]
[EventType "tourn"]
[EventRounds "11"]
[EventCountry "CAN"]
[EventCategory "9"]
[SourceTitle "CBM 085"]
[Source "ChessBase"]
[SourceDate "2001.11.13"]
[SourceVersion "1"]
[SourceVersionDate "2001.11.13"]
[SourceQuality "1"]

1. d4 e6 2. c4 d5 3. Nc3 Nf6 4. cxd5 exd5 5. Bg5 Be7 6. e3 O-O 7. Bd3 Re8 8. Nge2 Nbd7 9. O-O Nf8 10. Qc2 Ng6 11. Rad1 Be6 12. f3 c6 13. e4 dxe4 14. fxe4 Qb6 15. Kh1 Ng4 16. Bxe7 Qc7 17. e5 Qxe7 18. Qd2 Qh4 19. h3 Nf2+ 20. Rxf2 Qxf2 21. Ne4 Qh4 22. Nd6 Re7 23. Rf1 Rf8 24. Kh2 Rd7 25. Bxg6 hxg6 26. Nc3 Qe7 27. Qf4 Bd5 28. Qg3 Qe6 29. Rf2 b5 30. a3 Rxd6 31. exd6 Rd8 32. Re2 Qxd6 33. Re8+ Kh7 34. Qxd6 Rxd6 35. Nxd5 Rxd5 36. Rc8 Rd6 37. b4 g5 38. Rc7 Kg6 39. Kg3 f6 40. Kf2 Rxd4 41. Rxa7 Rc4 42. g4 Rc2+ 43. Kf3 Rc3+ 44. Kg2 f5 45. gxf5+ Kxf5 46. Rf7+ Kg6 47. Rc7 Rc4 48. Kg3 Kh5 49. Rc8 Rc3+ 50. Kg2 Rxa3 51. Rxc6 Rb3 52. Rc7 Kh6 53. Rc6+ g6 54. Rc7 Rxb4 55. Kg3 Rb3+ 56. Kg4 Rb1 57. Rb7 Rb4+ 58. Kg3 g4 59. h4 g5 60. Rb8 gxh4+ 61. Kxh4 Kg7 62. Rb6 Kf7 63. Kg3 Ke7 64. Rc6 Rc4 0-1

[Event "Montreal int."]
[Site "Montreal CAN"]
[Date "2001.08.06"]
[Round "5"]
[White "Rozentalis, Eduardas"]
[Black "Lesiege, Alexandre"]
[Result "1/2-1/2"]
[WhiteElo "2588"]
[BlackElo "2564"]
[WhiteFideId "-1"]
[WhiteFideId "-1"]
[PlyCount "32"]
[GameId "2160767911555350"]
[EventDate "2001.08.02"]
[EventType "tourn"]
[EventRounds "11"]
[EventCountry "CAN"]
[EventCategory "9"]
[SourceTitle "CBM 085"]
[Source "ChessBase"]
[SourceDate "2001.11.13"]
[SourceVersion "1"]
[SourceVersionDate "2001.11.13"]
[SourceQuality "1"]

1. e4 c5 2. c3 Nf6 3. e5 Nd5 4. Nf3 Nc6 5. d4 cxd4 6. Bc4 Nb6 7. Bb3 d5 8. exd6 Qxd6 9. O-O Be6 10. Bxe6 Qxe6 11. Nxd4 Qd7 12. Be3 e6 13. Nd2 Nd5 14. Nc4 Be7 15. Nxc6 Qxc6 16. Qe2 Nxe3 1/2-1/2

[Event "Montreal int."]
[Site "Montreal CAN"]
[Date "2001.08.07"]
[Round "6"]
[White "Lesiege, Alexandre"]
[Black "Charbonneau, Pascal"]
[Result "1-0"]
[WhiteElo "2564"]
[BlackElo "2405"]
[WhiteFideId "-1"]
[WhiteFideId "-1"]
[PlyCount "45"]
[GameId "2160767911555354"]
[EventDate "2001.08.02"]
[EventType "tourn"]
[EventRounds "11"]
[EventCountry "CAN"]
[EventCategory "9"]
[SourceTitle "CBM 085"]
[Source "ChessBase"]
[SourceDate "2001.11.13"]
[SourceVersion "1"]
[SourceVersionDate "2001.11.13"]
[SourceQuality "1"]

1. d4 d5 2. c4 Nc6 3. Nf3 Bg4 4. cxd5 Bxf3 5. gxf3 Qxd5 6. e3 e5 7. Nc3 Bb4 8. Bd2 Bxc3 9. bxc3 Nf6 10. Bg2 O-O 11. O-O Qd6 12. Rb1 b6 13. f4 e4 14. c4 Rfe8 15. Kh1 Ne7 16. Rg1 Rad8 17. Bh3 Ng6 18. Bc3 Nh4 19. Rg3 Nf3 20. Qe2 Nh5 21. Rg2 Qh6 22. Bg4 Qg6 23. f5 1-0

[Event "Montreal int."]
[Site "Montreal CAN"]
[Date "2001.08.09"]
[Round "7"]
[White "Mikanovic, Goran"]
[Black "Lesiege, Alexandre"]
[Result "0-1"]
[WhiteElo "2273"]
[BlackElo "2564"]
[WhiteFideId "-1"]
[WhiteFideId "-1"]
[PlyCount "68"]
[GameId "2160767911555362"]
[EventDate "2001.08.02"]
[EventType "tourn"]
[EventRounds "11"]
[EventCountry "CAN"]
[EventCategory "9"]
[SourceTitle "CBM 085"]
[Source "ChessBase"]
[SourceDate "2001.11.13"]
[SourceVersion "1"]
[SourceVersionDate "2001.11.13"]
[SourceQuality "1"]

1. d4 d5 2. c4 e6 3. Nc3 c6 4. Nf3 dxc4 5. g3 Nd7 6. Bg2 Ngf6 7. O-O b5 8. Ne5 Nxe5 9. dxe5 Nd5 10. Ne4 Bb7 11. a4 a6 12. Bg5 Qb6 13. a5 Qa7 14. Nd6+ Bxd6 15. exd6 h6 16. Bc1 O-O-O 17. e4 Nf6 18. e5 Nd7 19. Re1 c5 20. f3 Bd5 21. Bd2 Qb7 22. Qe2 Qc6 23. Rac1 Kb7 24. Rf1 h5 25. Rf2 h4 26. g4 f6 27. f4 Bxg2 28. Rxg2 fxe5 29. fxe5 Rdf8 30. Re1 Rf3 31. Bg5 h3 32. Rf2 Rxf2 33. Qxf2 Rf8 34. Qc2 Nxe5 0-1

[Event "Montreal int."]
[Site "Montreal CAN"]
[Date "2001.08.??"]
[Round "8"]
[White "Lesiege, Alexandre"]
[Black "Hebert, Jean"]
[Result "1-0"]
[WhiteElo "2564"]
[BlackElo "2427"]
[WhiteFideId "-1"]
[WhiteFideId "-1"]
[PlyCount "77"]
[GameId "2160767911555365"]
[EventDate "2001.08.02"]
[EventType "tourn"]
[EventRounds "11"]
[EventCountry "CAN"]
[EventCategory "9"]
[SourceTitle "CBM 085"]
[Source "ChessBase"]
[SourceDate "2001.11.13"]
[SourceVersion "1"]
[SourceVersionDate "2001.11.13"]
[SourceQuality "1"]

1. d4 Nf6 2. c4 g6 3. Nc3 Bg7 4. e4 d6 5. f4 O-O 6. Nf3 c5 7. d5 e6 8. Be2 exd5 9. cxd5 Bg4 10. O-O Bxf3 11. Bxf3 Nbd7 12. Re1 Re8 13. a4 a6 14. a5 Rb8 15. Qd3 h6 16. Qf1 Nh7 17. Kh1 Rc8 18. Bd2 c4 19. Bg4 Nhf6 20. Bh3 Rc5 21. Bxd7 Nxd7 22. Na4 Rb5 23. Qxc4 g5 24. fxg5 hxg5 25. Ra3 Be5 26. b4 g4 27. Qf1 Qh4 28. g3 Qh5 29. Rb3 Rf8 30. Nc3 Bxc3 31. Bxc3 Rxd5 32. Rb2 Rg5 33. Rd2 Rg6 34. Qf5 Qxf5 35. exf5 Rg5 36. Rxd6 Rc8 37. Bd2 Rxf5 38. Rxd7 Rf2 39. Kg1 1-0

[Event "Montreal int."]
[Site "Montreal CAN"]
[Date "2001.08.11"]
[Round "9"]
[White "Krush, Irina"]
[Black "Lesiege, Alexandre"]
[Result "0-1"]
[WhiteElo "2421"]
[BlackElo "2564"]
[WhiteFideId "-1"]
[WhiteFideId "-1"]
[PlyCount "126"]
[GameId "2160767911555374"]
[EventDate "2001.08.02"]
[EventType "tourn"]
[EventRounds "11"]
[EventCountry "CAN"]
[EventCategory "9"]
[SourceTitle "CBM 085"]
[Source "ChessBase"]
[SourceDate "2001.11.13"]
[SourceVersion "1"]
[SourceVersionDate "2001.11.13"]
[SourceQuality "1"]

1. e4 c5 2. Nf3 d6 3. d4 cxd4 4. Nxd4 Nf6 5. Nc3 a6 6. Be3 Nc6 7. f3 e6 8. Qd2 Be7 9. O-O-O O-O 10. g4 Nxd4 11. Bxd4 b5 12. g5 Nd7 13. h4 Bb7 14. Rg1 Rc8 15. a3 d5 16. exd5 e5 17. d6 exd4 18. Qxd4 Bxf3 19. Rd3 Nc5 20. dxe7 Nxd3+ 21. Qxd3 Qxe7 22. Qxf3 Qe1+ 23. Nd1 Rfd8 24. Rg2 Qxh4 25. Bd3 Qh1 26. Kd2 Rc5 27. Nf2 Qb1 28. Qd1 Qxb2 29. Rg3 Qd4 30. Ke2 Qe5+ 31. Kf3 Rc4 32. Kg2 Rcd4 33. Qh5 g6 34. Qf3 Rf4 35. Qc6 Qd5+ 36. Qxd5 Rxd5 37. Ne4 Kg7 38. Nf6 Rd8 39. Rh3 Rh8 40. Re3 h6 41. Ne8+ Kf8 42. gxh6 Rxh6 43. Nd6 Rg4+ 44. Kf2 Rh2+ 45. Kf1 Rd4 46. Ne4 Ra4 47. Kg1 Rh4 48. Nd6 Rhd4 49. Re8+ Kg7 50. Ne4 Rxa3 51. Kf2 Rd5 52. Rb8 f5 53. Ng5 Kf6 54. Nh7+ Ke5 55. Re8+ Kd4 56. Re6 b4 57. Bxa6 Rc5 58. Ng5 Rxc2+ 59. Be2 Raa2 60. Nf3+ Kd5 61. Re5+ Kd6 62. Re3 b3 63. Nd4 b2 0-1

[Event "Montreal int."]
[Site "Montreal CAN"]
[Date "2001.08.12"]
[Round "10"]
[White "Lesiege, Alexandre"]
[Black "Turov, Maxim"]
[Result "1/2-1/2"]
[WhiteElo "2564"]
[BlackElo "2550"]
[WhiteFideId "-1"]
[WhiteFideId "-1"]
[PlyCount "63"]
[GameId "2160767911555378"]
[EventDate "2001.08.02"]
[EventType "tourn"]
[EventRounds "11"]
[EventCountry "CAN"]
[EventCategory "9"]
[SourceTitle "CBM 085"]
[Source "ChessBase"]
[SourceDate "2001.11.13"]
[SourceVersion "1"]
[SourceVersionDate "2001.11.13"]
[SourceQuality "1"]

1. d4 Nf6 2. c4 g6 3. Nc3 d5 4. cxd5 Nxd5 5. e4 Nxc3 6. bxc3 Bg7 7. Nf3 c5 8. Rb1 O-O 9. Be2 b6 10. O-O Bb7 11. Qd3 Qc7 12. Bg5 Nd7 13. d5 e6 14. Rbd1 Ne5 15. Qd2 Nxf3+ 16. Bxf3 Qe5 17. Be7 Rfe8 18. d6 Qxc3 19. Qg5 h6 20. Qh4 g5 21. Qh5 Bf6 22. Qxh6 Bxe7 23. dxe7 Qg7 24. Qxg7+ Kxg7 25. Rd7 Bc6 26. Rc7 Rec8 27. Rxc6 Rxc6 28. e5 Rcc8 29. Bxa8 Rxa8 30. Rd1 Re8 31. Rd7 Kg6 32. g4 1/2-1/2

[Event "Montreal int."]
[Site "Montreal CAN"]
[Date "2001.08.13"]
[Round "11"]
[White "Barbeau, Sylvain"]
[Black "Lesiege, Alexandre"]
[Result "1/2-1/2"]
[WhiteElo "2365"]
[BlackElo "2564"]
[WhiteFideId "-1"]
[WhiteFideId "-1"]
[PlyCount "70"]
[GameId "2160767911555382"]
[EventDate "2001.08.02"]
[EventType "tourn"]
[EventRounds "11"]
[EventCountry "CAN"]
[EventCategory "9"]
[SourceTitle "CBM 085"]
[Source "ChessBase"]
[SourceDate "2001.11.13"]
[SourceVersion "1"]
[SourceVersionDate "2001.11.13"]
[SourceQuality "1"]

1. e4 c6 2. d4 d5 3. exd5 cxd5 4. c4 Nf6 5. Nc3 e6 6. Nf3 Bb4 7. cxd5 Nxd5 8. Bd2 O-O 9. Bd3 Nc6 10. O-O Be7 11. a3 Nf6 12. Bg5 b6 13. Qd2 Bb7 14. Rad1 Nd5 15. Ne4 Bxg5 16. Nexg5 h6 17. Ne4 Rc8 18. Rfe1 Na5 19. b4 Nc4 20. Bxc4 Rxc4 21. Ne5 Rc7 22. Rc1 Rxc1 23. Qxc1 Nf6 24. Nxf6+ Qxf6 25. Qc7 Bd5 26. f3 Qh4 27. Qc3 Bb7 28. b5 Rc8 29. Nc6 Bxc6 30. g3 Qd8 31. bxc6 Rc7 32. Rc1 Qd5 33. Rc2 Kf8 34. Kg2 Ke7 35. h4 h5 1/2-1/2

[Event "World op"]
[Site "Philadelphia USA"]
[Date "2001.07.07"]
[Round "6"]
[White "Lesiege, Alexandre"]
[Black "Zaremba, Andrie"]
[Result "1-0"]
[WhiteElo "2564"]
[BlackElo "2287"]
[WhiteFideId "-1"]
[WhiteFideId "-1"]
[PlyCount "51"]
[GameId "2129405148878963"]
[EventDate "2001.06.30"]
[EventType "swiss"]
[EventRounds "9"]
[EventCountry "USA"]
[SourceTitle "The Week in Chess 351"]
[Source "Mark Crowther"]
[SourceDate "2001.07.30"]
[SourceVersion "1"]
[SourceVersionDate "2001.07.30"]
[SourceQuality "2"]

1. d4 d5 2. c4 c6 3. Nf3 Nf6 4. Nc3 dxc4 5. a4 Bf5 6. Ne5 e6 7. f3 Bb4 8. e4 Bxe4 9. fxe4 Nxe4 10. Bd2 Qxd4 11. Nxe4 Qxe4+ 12. Qe2 Bxd2+ 13. Kxd2 Qd5+ 14. Kc2 Na6 15. Nxc4 O-O 16. Qe5 Rac8 17. Be2 f6 18. Qe3 b5 19. Rad1 Qf5+ 20. Bd3 Qg4 21. Nd6 Rcd8 22. Bf5 Qxa4+ 23. Kb1 Rxd6 24. Rxd6 exf5 25. Qe6+ Kh8 26. Rxc6 1-0

[Event "World op"]
[Site "Philadelphia USA"]
[Date "2001.07.07"]
[Round "7"]
[White "Morrison, William"]
[Black "Lesiege, Alexandre"]
[Result "1/2-1/2"]
[WhiteElo "2381"]
[BlackElo "2564"]
[WhiteFideId "-1"]
[WhiteFideId "-1"]
[PlyCount "51"]
[GameId "2129405148887189"]
[EventDate "2001.06.30"]
[EventType "swiss"]
[EventRounds "9"]
[EventCountry "USA"]
[SourceTitle "The Week in Chess 351"]
[Source "Mark Crowther"]
[SourceDate "2001.07.30"]
[SourceVersion "1"]
[SourceVersionDate "2001.07.30"]
[SourceQuality "2"]

1. e4 c5 2. Nf3 d6 3. d4 cxd4 4. Nxd4 Nf6 5. Nc3 a6 6. a4 e6 7. Be2 Nbd7 8. O-O b6 9. f4 Bb7 10. Bf3 Qc7 11. Kh1 Rc8 12. Qe1 h5 13. f5 e5 14. Nb3 Be7 15. Bg5 Ng4 16. Bxe7 Kxe7 17. Rd1 Ngf6 18. Rf2 Nc5 19. Rfd2 Rcd8 20. Qh4 Bc6 21. Nxc5 dxc5 22. h3 Rd4 23. Rxd4 cxd4 24. Nd5+ Bxd5 25. exd5 Qxc2 26. Qe1 1/2-1/2

[Event "World op"]
[Site "Philadelphia USA"]
[Date "2001.07.08"]
[Round "8"]
[White "Lesiege, Alexandre"]
[Black "Nakamura, Hikaru"]
[Result "1-0"]
[WhiteElo "2564"]
[BlackElo "2428"]
[WhiteFideId "-1"]
[WhiteFideId "-1"]
[PlyCount "67"]
[GameId "2129405148887221"]
[EventDate "2001.06.30"]
[EventType "swiss"]
[EventRounds "9"]
[EventCountry "USA"]
[SourceTitle "The Week in Chess 351"]
[Source "Mark Crowther"]
[SourceDate "2001.07.30"]
[SourceVersion "1"]
[SourceVersionDate "2001.07.30"]
[SourceQuality "2"]

1. d4 Nf6 2. c4 g6 3. Nc3 Bg7 4. e4 d6 5. Nf3 O-O 6. Be2 e5 7. O-O Nc6 8. d5 Ne7 9. b4 a5 10. Ba3 Nd7 11. bxa5 Rxa5 12. Bb4 Ra8 13. a4 Bh6 14. Nd2 f5 15. Bd3 Nf6 16. c5 Bxd2 17. Qxd2 fxe4 18. Nxe4 Nxe4 19. Bxe4 Bf5 20. f3 Qd7 21. a5 Ra6 22. h3 Nc8 23. Qc3 Qe7 24. Rac1 Rf7 25. Rce1 dxc5 26. Bxc5 Nd6 27. Bxf5 Rxf5 28. g4 Rf4 29. Rxe5 Qh4 30. Kg2 Ra4 31. Rf2 Qd8 32. Rfe2 Rf4 33. Qe3 Rxa5 34. Re7 1-0

[Event "World op 29th"]
[Site "Philadelphia"]
[Date "2001.07.05"]
[Round "2"]
[White "Lesiege, Alexandre"]
[Black "Blanco Acevedo, Cristobal Jose"]
[Result "0-1"]
[WhiteElo "2564"]
[BlackElo "2237"]
[WhiteFideId "-1"]
[WhiteFideId "-1"]
[PlyCount "80"]
[GameId "1166643622776832"]
[EventDate "2001.06.30"]
[EventType "swiss"]
[EventRounds "9"]
[EventCountry "USA"]
[SourceTitle "EXT 2002"]
[Source "ChessBase"]
[SourceDate "2001.11.25"]
[SourceVersion "1"]
[SourceVersionDate "2001.11.25"]
[SourceQuality "1"]

1. d4 d5 2. c4 c6 3. Nc3 Nf6 4. Nf3 e6 5. Bg5 Be7 6. e3 Nbd7 7. Bd3 a6 8. O-O O-O 9. c5 h6 10. Bf4 Nh5 11. b4 f5 12. Be5 Qe8 13. Be2 Nhf6 14. Bg3 g5 15. Ne5 h5 16. f4 Nxe5 17. dxe5 Ng4 18. Qd4 a5 19. b5 b6 20. cxb6 c5 21. Qd2 Bb7 22. h3 h4 23. Be1 Nh6 24. Na4 g4 25. hxg4 fxg4 26. e4 dxe4 27. Bc4 Rd8 28. Bxe6+ Kh8 29. Qc1 Qg6 30. f5 Nxf5 31. Bxf5 Rxf5 32. Rxf5 Qxf5 33. Qh6+ Qh7 34. Qxh7+ Kxh7 35. Bf2 Rd5 36. Rc1 Bg5 37. Re1 Bf4 38. Rxe4 Bxe5 39. Bxh4 g3 40. Rxe5 Rd1+ 0-1

[Event "Quebec-ch final"]
[Site "Montreal CAN"]
[Date "2001.06.09"]
[Round "1.1"]
[White "Lesiege, Alexandre"]
[Black "Beaulieu, Eric"]
[Result "1-0"]
[WhiteElo "2625"]
[BlackElo "2156"]
[WhiteFideId "-1"]
[WhiteFideId "-1"]
[PlyCount "63"]
[GameId "2160767911564516"]
[EventDate "2001.06.09"]
[EventType "k.o."]
[EventRounds "3"]
[EventCountry "CAN"]

1. d4 Nf6 2. c4 e6 3. Nc3 Bb4 4. e3 c5 5. Nge2 b6 6. a3 Ba5 7. Rb1 Na6 8. Bd2 Bb7 9. Ng3 Bxc3 10. Bxc3 cxd4 11. Qxd4 Nc5 12. Be2 d5 13. b4 Ncd7 14. O-O e5 15. Qd2 O-O 16. Bf3 e4 17. Be2 Re8 18. Qb2 Qe7 19. cxd5 Bxd5 20. Bb5 Red8 21. Rfd1 Qe6 22. Bxd7 Rxd7 23. Bxf6 gxf6 24. Nh5 Rd6 25. Rd4 Kf8 26. Nf4 Qe5 27. Rxd5 Rxd5 28. Nxd5 Qxd5 29. Qxf6 Rd8 30. h4 h5 31. Rc1 a5 32. Qxb6 1-0

[Event "Quebec-ch final"]
[Site "Montreal CAN"]
[Date "2001.06.10"]
[Round "1.2"]
[White "Beaulieu, Eric"]
[Black "Lesiege, Alexandre"]
[Result "1/2-1/2"]
[WhiteElo "2156"]
[BlackElo "2625"]
[WhiteFideId "-1"]
[WhiteFideId "-1"]
[PlyCount "40"]
[GameId "2160767911564519"]
[EventDate "2001.06.09"]
[EventType "k.o."]
[EventRounds "3"]
[EventCountry "CAN"]

1. d4 d5 2. c4 c6 3. Nf3 Nf6 4. Nc3 e6 5. e3 Nbd7 6. Qc2 Bd6 7. Bd3 O-O 8. O-O e5 9. cxd5 cxd5 10. e4 dxe4 11. Nxe4 Nxe4 12. Bxe4 h6 13. Rd1 exd4 14. Nxd4 Nf6 15. Bf3 Qa5 16. g3 Bg4 17. Bxg4 Nxg4 18. Qf5 Qxf5 19. Nxf5 Bc5 20. Ne3 Nxe3 1/2-1/2

[Event "Quebec-ch final"]
[Site "Montreal CAN"]
[Date "2001.06.16"]
[Round "2.1"]
[White "Bolduc, Steve"]
[Black "Lesiege, Alexandre"]
[Result "0-1"]
[WhiteElo "2205"]
[BlackElo "2625"]
[WhiteFideId "-1"]
[WhiteFideId "-1"]
[PlyCount "30"]
[GameId "2160767911564526"]
[EventDate "2001.06.09"]
[EventType "k.o."]
[EventRounds "3"]
[EventCountry "CAN"]

1. d4 d5 2. c4 e6 3. Nc3 c6 4. cxd5 exd5 5. Nf3 Bf5 6. Bf4 Bd6 7. Bxd6 Qxd6 8. e3 Nd7 9. Bd3 Bxd3 10. Qxd3 Ngf6 11. O-O O-O 12. Rfe1 Rfe8 13. e4 dxe4 14. Nxe4 Rxe4 15. Rxe4 Nc5 0-1

[Event "Quebec-ch final"]
[Site "Montreal CAN"]
[Date "2001.06.17"]
[Round "2.2"]
[White "Lesiege, Alexandre"]
[Black "Bolduc, Steve"]
[Result "1-0"]
[WhiteElo "2625"]
[BlackElo "2205"]
[WhiteFideId "-1"]
[WhiteFideId "-1"]
[PlyCount "55"]
[GameId "2160767911564527"]
[EventDate "2001.06.09"]
[EventType "k.o."]
[EventRounds "3"]
[EventCountry "CAN"]

1. d4 d5 2. c4 e6 3. Nc3 Nf6 4. Bg5 dxc4 5. e4 Bb4 6. Bxc4 c5 7. Nf3 cxd4 8. Nxd4 Bxc3+ 9. bxc3 Qa5 10. Bxf6 Qxc3+ 11. Kf1 gxf6 12. Rc1 Qa5 13. h4 Ke7 14. Nb5 Rd8 15. Qh5 Nc6 16. Qc5+ Ke8 17. Rh3 Rd2 18. Rg3 a6 19. Rg8+ Kd7 20. Rf8 Qb4 21. Rxf7+ Ke8 22. Rf8+ Kd7 23. Bxe6+ Kxe6 24. Qf5+ Ke7 25. Qxf6+ Kd7 26. Rf7+ Ne7 27. Rc7+ Kd8 28. Rf8# 1-0

[Event "Quebec-ch KO"]
[Site "Montreal CAN"]
[Date "2001.06.29"]
[Round "3.1"]
[White "Khassanov, Marat"]
[Black "Lesiege, Alexandre"]
[Result "0-1"]
[WhiteElo "2363"]
[BlackElo "2564"]
[WhiteFideId "-1"]
[WhiteFideId "-1"]
[PlyCount "66"]
[GameId "2160767911564531"]
[EventDate "2001.06.02"]
[EventType "k.o."]
[EventRounds "3"]
[EventCountry "CAN"]
[SourceTitle "EXT 2002"]
[Source "ChessBase"]
[SourceDate "2001.11.25"]
[SourceVersion "1"]
[SourceVersionDate "2001.11.25"]
[SourceQuality "1"]

1. d4 Nf6 2. c4 e6 3. g3 c5 4. d5 exd5 5. cxd5 Bd6 6. Bg2 O-O 7. Nf3 Bc7 8. O-O d6 9. a3 Re8 10. b4 Bb6 11. Bb2 cxb4 12. axb4 Na6 13. b5 Nc5 14. Nc3 Bd7 15. Nd4 Rc8 16. h3 Rc7 17. Qb1 Qc8 18. Kh2 Re5 19. g4 h5 20. f4 Re3 21. Rf3 Rxf3 22. exf3 Qe8 23. Nf5 Nb3 24. Ra4 Bxf5 25. gxf5 Qe3 26. Ne4 Nxd5 27. Ng5 Nd2 28. Qa1 Nxf4 29. Bd4 Qe2 30. Bf2 Nxg2 31. Rxa7 Nxf3+ 32. Nxf3 Qxf3 33. Bxb6 Nf4 0-1

[Event "Quebec-ch KO"]
[Site "Montreal CAN"]
[Date "2001.06.30"]
[Round "3.2"]
[White "Lesiege, Alexandre"]
[Black "Khassanov, Marat"]
[Result "1-0"]
[WhiteElo "2564"]
[BlackElo "2363"]
[WhiteFideId "-1"]
[WhiteFideId "-1"]
[PlyCount "69"]
[GameId "2160767911564532"]
[EventDate "2001.06.02"]
[EventType "k.o."]
[EventRounds "3"]
[EventCountry "CAN"]
[SourceTitle "EXT 2002"]
[Source "ChessBase"]
[SourceDate "2001.11.25"]
[SourceVersion "1"]
[SourceVersionDate "2001.11.25"]
[SourceQuality "1"]

1. d4 d5 2. c4 c6 3. Nc3 Nf6 4. Nf3 e6 5. e3 Nbd7 6. Bd3 dxc4 7. Bxc4 b5 8. Bd3 b4 9. Ne4 Be7 10. O-O Bb7 11. Nxf6+ Nxf6 12. e4 O-O 13. e5 Nd7 14. Be4 Rb8 15. a3 bxa3 16. b4 f5 17. Bd3 Nb6 18. Bd2 Nd5 19. Bc4 Ba8 20. Rxa3 Bxb4 21. Rxa7 c5 22. Ng5 Qe8 23. Ra6 Bc6 24. dxc5 Bxc5 25. Nxe6 Qxe6 26. Be3 Rb6 27. Bxc5 Rxa6 28. Bxa6 Nf4 29. Bxf8 Qg6 30. Qb3+ Kxf8 31. Qa3+ Ke8 32. Qg3 Nxg2 33. Rc1 Qh6 34. Qc3 Bd7 35. Bc8 1-0

[Event "Quebec-ch KO"]
[Site "Montreal CAN"]
[Date "2001.07.01"]
[Round "3.3"]
[White "Khassanov, Marat"]
[Black "Lesiege, Alexandre"]
[Result "0-1"]
[WhiteElo "2363"]
[BlackElo "2564"]
[WhiteFideId "-1"]
[WhiteFideId "-1"]
[PlyCount "58"]
[GameId "2160767911564533"]
[EventDate "2001.06.02"]
[EventType "k.o."]
[EventRounds "3"]
[EventCountry "CAN"]
[SourceTitle "EXT 2002"]
[Source "ChessBase"]
[SourceDate "2001.11.25"]
[SourceVersion "1"]
[SourceVersionDate "2001.11.25"]
[SourceQuality "1"]

1. d4 d5 2. c4 c6 3. Nc3 Nf6 4. e3 e6 5. Bd2 Nbd7 6. Rc1 Be7 7. Qf3 O-O 8. g4 e5 9. cxd5 exd4 10. exd4 Nxd5 11. Nxd5 cxd5 12. Qxd5 Qb6 13. Qb3 Qxd4 14. Rc4 Qd5 15. Qf3 Qd6 16. Bf4 Qe6+ 17. Qe2 Nc5 18. Be3 b6 19. Bxc5 Bxc5 20. Bg2 Rb8 21. b4 Ba6 22. Qxe6 Bxf2+ 23. Kd1 fxe6 24. Rc2 Rbd8+ 25. Kc1 Rc8 26. Rxc8 Rxc8+ 27. Kd2 Rd8+ 28. Kc2 Be1 29. Nf3 Bxb4 0-1

[Event "Quebec-ch KO"]
[Site "Montreal CAN"]
[Date "2001.07.02"]
[Round "3.4"]
[White "Lesiege, Alexandre"]
[Black "Khassanov, Marat"]
[Result "1/2-1/2"]
[WhiteElo "2564"]
[BlackElo "2363"]
[WhiteFideId "-1"]
[WhiteFideId "-1"]
[PlyCount "55"]
[GameId "2160767911564534"]
[EventDate "2001.06.02"]
[EventType "k.o."]
[EventRounds "3"]
[EventCountry "CAN"]
[SourceTitle "EXT 2002"]
[Source "ChessBase"]
[SourceDate "2001.11.25"]
[SourceVersion "1"]
[SourceVersionDate "2001.11.25"]
[SourceQuality "1"]

1. d4 d5 2. c4 c6 3. Nf3 Nf6 4. Nc3 e6 5. Bg5 dxc4 6. e4 b5 7. e5 h6 8. Bh4 g5 9. Nxg5 hxg5 10. Bxg5 Nbd7 11. g3 Bb7 12. Bg2 Qc7 13. exf6 c5 14. d5 Qe5+ 15. Qe2 O-O-O 16. dxe6 Qxe2+ 17. Kxe2 Bxg2 18. e7 Bxe7 19. fxe7 Rdg8 20. Nxb5 Bxh1 21. Nd6+ Kc7 22. Bf4 Bd5 23. e8=Q Rxe8+ 24. Nxe8+ Kc6 25. Nd6 Rxh2 26. Rd1 Be6 27. Rd2 Nb6 28. Kf3 1/2-1/2

[Event "Mauricie op"]
[Site "Trois-Rivieres CAN"]
[Date "2001.03.17"]
[Round "2"]
[White "Lesiege, Alexandre"]
[Black "Moisan-Plante, Marc-Olivier"]
[Result "1-0"]
[WhiteElo "2582"]
[BlackElo "2185"]
[WhiteFideId "-1"]
[WhiteFideId "-1"]
[PlyCount "71"]
[GameId "2160767911565157"]
[EventDate "2001.03.16"]
[EventType "swiss"]
[EventRounds "5"]
[EventCountry "CAN"]
[SourceTitle "EXT 2002"]
[Source "ChessBase"]
[SourceDate "2001.11.25"]
[SourceVersion "1"]
[SourceVersionDate "2001.11.25"]
[SourceQuality "1"]

1. d4 d5 2. c4 e6 3. Nc3 Nf6 4. Nf3 c6 5. Bg5 dxc4 6. e4 b5 7. e5 h6 8. Bh4 g5 9. Nxg5 hxg5 10. Bxg5 Nbd7 11. g3 Rg8 12. h4 Rxg5 13. hxg5 Nd5 14. g6 fxg6 15. Qg4 Qe7 16. Bg2 Bb7 17. Qxg6+ Qf7 18. Be4 Qxg6 19. Bxg6+ Kd8 20. Rh8 Nxc3 21. bxc3 Kc7 22. Ke2 c5 23. f4 cxd4 24. cxd4 a5 25. f5 Be4 26. Rh7 Kc6 27. g4 b4 28. Ke3 Bd3 29. Rd1 a4 30. Rxd3 cxd3 31. fxe6 Nb6 32. Be4+ Nd5+ 33. Kxd3 b3 34. axb3 a3 35. Rh1 Rd8 36. Rc1+ 1-0

[Event "Mauricie op"]
[Site "Trois-Rivieres CAN"]
[Date "2001.03.18"]
[Round "4"]
[White "Lesiege, Alexandre"]
[Black "Hebert, Jean"]
[Result "1-0"]
[WhiteElo "2582"]
[BlackElo "2427"]
[WhiteFideId "-1"]
[WhiteFideId "-1"]
[PlyCount "71"]
[GameId "2160767911565167"]
[EventDate "2001.03.16"]
[EventType "swiss"]
[EventRounds "5"]
[EventCountry "CAN"]
[SourceTitle "EXT 2002"]
[Source "ChessBase"]
[SourceDate "2001.11.25"]
[SourceVersion "1"]
[SourceVersionDate "2001.11.25"]
[SourceQuality "1"]

1. d4 Nf6 2. c4 e6 3. Nc3 d5 4. cxd5 exd5 5. Bg5 Be7 6. e3 c6 7. Qc2 Nbd7 8. Bd3 O-O 9. Nge2 Re8 10. O-O Nf8 11. f3 Be6 12. Bh4 Rc8 13. Rad1 a6 14. Kh1 g6 15. Qd2 Nh5 16. Bf2 f5 17. e4 fxe4 18. fxe4 dxe4 19. Bxe4 Nf6 20. Bf3 Nd5 21. Nf4 Bg5 22. Nxe6 Nxe6 23. Qc2 Ne3 24. Bxe3 Bxe3 25. Bg4 Nxd4 26. Qd3 Rc7 27. Ne4 Rce7 28. Nf6+ Kg7 29. Nxe8+ Qxe8 30. Qc3 c5 31. Qxc5 h5 32. Bh3 Ne2 33. Qxe7+ Qxe7 34. Rd7 Qxd7 35. Bxd7 Bd4 36. Bc8 1-0